000 00766nam0a2200265 4500
001 RU\NLR\bibl\602796
005 20250610142621.0
010 _a5-85574-173-7
_9100
035 _a(NLR Aleph) 000594728
090 _a1735426
_c1735426
100 _a20050128d2005 |||y0rusy50 ca
101 0 _arus
102 _aRU
105 _aa |||||||||
200 1 _aЗнаки Зодиака
_eЮморист. стихи
_fИгорь Хлебников
210 _aСПб.
_cРоза мира
_d2005
215 _a16,[1] с.
_cил.
_d21
686 _aШ6(2=Р)75-7,5
700 1 _aХлебников
_bИ.
_gИгорь
_4070
801 0 _aRU
_bNLR
_c20050128
_gPSBO
801 1 _aRU
_bNLR
_c20050128
942 _cBOOK
980 _aNB